[Event "FIRST SATURDAY FM-B FEB 2013"]
[Site "Budapest"]
[Date "2013.02.02"]
[Round "1.1"]
[White "Mihajlova, Diana"]
[Black "Marcu, Simon"]
[Result "0-1"]
[WhiteElo "1509"]
[BlackElo "1885"]
[PlyCount "56"]
[EventDate "2013.02.02"]

1. e4 e5 2. Nf3 d6 3. Bc4 g6 4. c3 Bg7 5. d4 exd4 6. Ng5 Nh6 7. cxd4 O-O 8. f3
Nc6 9. Be3 Nxd4 10. Nxh7 Nxf3+ 11. Qxf3 Kxh7 12. Bxh6 Qh4+ 13. g3 Qxh6 14. Nc3
Bh3 15. Nd5 Bxb2 16. Rb1 c6 17. Nf4 b5 18. Bxf7 Rxf7 19. Qb3 Rxf4 20. gxf4 Qh4+
21. Qg3 Bc3+ 22. Ke2 Qh5+ 23. Kd3 b4 24. a3 a5 25. Rhg1 d5 26. e5 Bf5+ 27. Ke3
d4+ 28. Kf2 d3 0-1

[Event "FIRST SATURDAY FM-B FEB 2013"]
[Site "Budapest"]
[Date "2013.02.02"]
[Round "1.2"]
[White "Brassoi-Tarnovszki, Aurel"]
[Black "Krizsany, Laszlo Sr"]
[Result "0-1"]
[WhiteElo "1634"]
[BlackElo "1854"]
[PlyCount "94"]
[EventDate "2013.02.02"]

1. e4 c6 2. d4 d5 3. e5 Bf5 4. Bd3 Bxd3 5. Qxd3 e6 6. f4 g6 7. Nf3 a6 8. O-O c5
9. c3 Nc6 10. Be3 c4 11. Qc2 b5 12. Nbd2 Qd7 13. h3 h5 14. Ng5 Nh6 15. Rf2 a5
16. Nf1 Be7 17. Nh2 Nf5 18. Re1 h4 19. Ng4 Kf8 20. Bc1 Kg7 21. Ne3 Nxe3 22.
Bxe3 Bd8 23. Nf3 Ne7 24. Nh2 Nf5 25. Rf3 Be7 26. Bc1 b4 27. Nf1 a4 28. Ne3 Ng3
29. Nf1 b3 30. axb3 cxb3 31. Qd3 Nf5 32. Ne3 Qb7 33. Nxf5+ gxf5 34. Re2 a3 35.
bxa3 Bxa3 36. Bxa3 Rxa3 37. Rb2 Ra2 38. Rff2 Rha8 39. c4 Ra1+ 40. Rf1 Qb4 41.
cxd5 Rxf1+ 42. Kxf1 Ra1+ 43. Rb1 b2 44. Ke2 Rxb1 45. Qxb1 Qxd4 46. Kf1 Qxf4+
47. Kg1 Qc1+ 0-1

[Event "FIRST SATURDAY FM-B FEB 2013"]
[Site "Budapest"]
[Date "2013.02.02"]
[Round "1.3"]
[White "Csiba, Tibor"]
[Black "Engelbrecht, Imre Dr"]
[Result "1/2-1/2"]
[WhiteElo "1571"]
[BlackElo "1639"]
[PlyCount "20"]
[EventDate "2013.02.02"]

1. e4 e5 2. Nf3 Nc6 3. Bc4 Bc5 4. O-O Nf6 5. Nc3 O-O 6. a3 a6 7. b4 Ba7 8. Bb2
b5 9. Ba2 Bb7 10. Re1 Re8 1/2-1/2

[Event "FIRST SATURDAY FM-B FEB 2013"]
[Site "Budapest"]
[Date "2013.02.03"]
[Round "2.1"]
[White "Marcu, Simon"]
[Black "Engelbrecht, Imre Dr"]
[Result "1-0"]
[WhiteElo "1885"]
[BlackElo "1639"]
[PlyCount "59"]
[EventDate "2013.02.02"]

1. d4 Nf6 2. c4 e5 3. d5 d6 4. Nc3 Bf5 5. f3 h6 6. e4 Bg6 7. Bd3 Nbd7 8. Nge2
Nc5 9. Bc2 a5 10. Be3 Nfd7 11. g4 Be7 12. O-O Bg5 13. Qd2 Bxe3+ 14. Qxe3 Qh4
15. Nb5 Qd8 16. Ng3 Nf6 17. a3 O-O 18. b4 axb4 19. axb4 Na6 20. Rab1 Qe7 21.
Nc3 Rfc8 22. Na4 b6 23. Rfc1 Qd8 24. Bd3 Qe8 25. Nc3 Qe7 26. Qe2 Nb8 27. Ra1
Nbd7 28. Bc2 Qd8 29. Ba4 Nf8 30. Bc6 1-0

[Event "FIRST SATURDAY FM-B FEB 2013"]
[Site "Budapest"]
[Date "2013.02.03"]
[Round "2.2"]
[White "Krizsany, Laszlo Sr"]
[Black "Csiba, Tibor"]
[Result "1-0"]
[WhiteElo "1854"]
[BlackElo "1571"]
[PlyCount "81"]
[EventDate "2013.02.02"]

1. d4 Nf6 2. c4 c5 3. d5 b5 4. cxb5 a6 5. b6 Qxb6 6. Nc3 d6 7. g3 g6 8. Bg2 Bg7
9. Nf3 Nbd7 10. O-O O-O 11. h3 Bb7 12. e4 Ne8 13. Qc2 Ne5 14. Nxe5 Bxe5 15. f4
Bg7 16. Re1 Nc7 17. Be3 Bd4 18. Kh2 Bxe3 19. Rxe3 Nb5 20. Ne2 c4 21. Rf3 Nd4
22. Nxd4 Qxd4 23. Rd1 Qc5 24. Rc3 Rfc8 25. Rc1 Qa5 26. a3 Rc5 27. Rxc4 Rxc4 28.
Qxc4 Rc8 29. Qf1 Qd2 30. Rxc8+ Bxc8 31. Qc4 Bb7 32. Qc7 Qxb2 33. Qd8+ Kg7 34.
Qxe7 Qb6 35. e5 dxe5 36. fxe5 Bc8 37. a4 Bf5 38. e6 Bxe6 39. dxe6 Qxe6 40. Qxe6
fxe6 41. a5 1-0

[Event "FIRST SATURDAY FM-B FEB 2013"]
[Site "Budapest"]
[Date "2013.02.03"]
[Round "2.3"]
[White "Mihajlova, Diana"]
[Black "Brassoi-Tarnovszki, Aurel"]
[Result "1-0"]
[WhiteElo "1509"]
[BlackElo "1634"]
[PlyCount "39"]
[EventDate "2013.02.02"]

1. e4 d6 2. Nf3 g6 3. Bc4 Bg7 4. d4 e6 5. O-O d5 6. exd5 exd5 7. Re1+ Ne7 8.
Bd3 O-O 9. Nc3 Nbc6 10. Ne2 Bg4 11. Ne5 Nxe5 12. dxe5 Bxe5 13. Bh6 Bg7 14. Qd2
c6 15. Qf4 Bxh6 16. Qxh6 Bf5 17. Rad1 Be4 18. Bxe4 Qb6 19. Bd3 Rfe8 20. Nf4 1-0

[Event "FIRST SATURDAY FM-B FEB 2013"]
[Site "Budapest"]
[Date "2013.02.04"]
[Round "3.1"]
[White "Brassoi-Tarnovszki, Aurel"]
[Black "Marcu, Simon"]
[Result "0-1"]
[WhiteElo "1634"]
[BlackElo "1885"]
[PlyCount "52"]
[EventDate "2013.02.02"]

1. e4 c5 2. Nf3 Nc6 3. d4 cxd4 4. Nxd4 g6 5. f3 Bg7 6. Be3 Nf6 7. c3 O-O 8. Bc4
a6 9. O-O Na5 10. Bd3 d6 11. h3 Qc7 12. Nd2 Bd7 13. N2b3 Nc4 14. Bc1 b5 15. Qe2
Nh5 16. Qf2 e5 17. Ne2 Be6 18. Ng3 Nf6 19. Nd2 d5 20. exd5 Nxd5 21. Nxc4 bxc4
22. Bc2 f5 23. Qe2 Rab8 24. Rb1 Bf6 25. Bh6 Rfe8 26. Rfe1 Bh4 0-1

[Event "FIRST SATURDAY FM-B FEB 2013"]
[Site "Budapest"]
[Date "2013.02.04"]
[Round "3.2"]
[White "Csiba, Tibor"]
[Black "Mihajlova, Diana"]
[Result "1-0"]
[WhiteElo "1571"]
[BlackElo "1509"]
[PlyCount "119"]
[EventDate "2013.02.02"]

1. d4 Nf6 2. c4 e5 3. dxe5 Ne4 4. a3 b6 5. Nf3 Bb7 6. Nbd2 d6 7. e3 Nd7 8. Nxe4
Bxe4 9. exd6 Bxd6 10. Bd3 Bxf3 11. Qxf3 Ne5 12. Qe4 f5 13. Qxf5 Nxd3+ 14. Qxd3
Bb4+ 15. Ke2 Qxd3+ 16. Kxd3 O-O-O+ 17. Ke2 Bd6 18. b4 Rd7 19. Bb2 Rf8 20. Rad1
Rdf7 21. f4 g5 22. g3 Re8 23. fxg5 Re4 24. Rd4 Re6 25. Bc1 c5 26. bxc5 Bxc5 27.
Rf4 Rfe7 28. Rf3 Re4 29. Kd3 Rg4 30. h4 Bd6 31. Rg1 Rd7 32. Kc3 Be5+ 33. Kb4 b5
34. Kxb5 Rb7+ 35. Kc5 Rc7+ 36. Kd5 Bd6 37. Kxd6 Rgxc4 38. Rd1 Rd7+ 39. Ke5 Rxd1
40. Rf8+ Kc7 41. Bb2 Rd7 42. Bd4 Re7+ 43. Kf5 Ra4 44. Kf6 Kd7 45. Rg8 Ra6+ 46.
Kf5 Rf7+ 47. Kg4 Ke6 48. h5 Ra4 49. Re8+ Kd5 50. h6 Rxa3 51. Rg8 Re7 52. Rf8
Ra4 53. Rf4 Ra6 54. Rf6 Rae6 55. Rxe6 Kxe6 56. Kh5 Kf5 57. g4+ Ke6 58. g6 hxg6+
59. Kxg6 a5 60. h7 1-0

[Event "FIRST SATURDAY FM-B FEB 2013"]
[Site "Budapest"]
[Date "2013.02.04"]
[Round "3.3"]
[White "Engelbrecht, Imre Dr"]
[Black "Krizsany, Laszlo Sr"]
[Result "0-1"]
[WhiteElo "1639"]
[BlackElo "1854"]
[PlyCount "52"]
[EventDate "2013.02.02"]

1. e4 c6 2. d4 d5 3. e5 Bf5 4. h4 h6 5. Bd3 Bxd3 6. Qxd3 e6 7. Nf3 c5 8. c3 Nc6
9. Be3 Qb6 10. O-O Qxb2 11. Nbd2 c4 12. Qe2 Qxc3 13. Rfc1 Qa5 14. a3 Nge7 15.
Rcb1 Qc7 16. Nh2 Nf5 17. Ndf3 Be7 18. g4 Nxh4 19. Nxh4 Bxh4 20. f4 Be7 21. f5
b6 22. Rf1 O-O-O 23. f6 gxf6 24. exf6 Bd6 25. Nf3 Rdg8 26. Kh1 Rxg4 0-1

[Event "FIRST SATURDAY FM-B FEB 2013"]
[Site "Budapest"]
[Date "2013.02.05"]
[Round "4.1"]
[White "Marcu, Simon"]
[Black "Krizsany, Laszlo Sr"]
[Result "1-0"]
[WhiteElo "1885"]
[BlackElo "1854"]
[PlyCount "83"]
[EventDate "2013.02.02"]

1. d4 Nf6 2. c4 e6 3. a3 c5 4. d5 exd5 5. cxd5 d6 6. Nc3 Bf5 7. f3 Be7 8. e4
Bg6 9. Bc4 O-O 10. Nge2 Nfd7 11. O-O Na6 12. f4 Nc7 13. Ng3 f6 14. a4 a5 15.
Re1 Nb6 16. b3 Nxc4 17. bxc4 Na6 18. f5 Be8 19. Qg4 Nb4 20. Qe2 Kh8 21. Qd1 g5
22. fxg6 hxg6 23. Nce2 Kg7 24. Nf4 Bf7 25. Ra3 Rg8 26. Rf1 Kf8 27. Bb2 Ke8 28.
Raf3 Rf8 29. Qa1 Kd7 30. Nh3 Nc2 31. Qd1 Nd4 32. Bxd4 cxd4 33. Qxd4 Bg8 34. Nf4
Bf7 35. Rb1 Qc7 36. Ne6 Bxe6 37. dxe6+ Ke8 38. Rb5 Rb8 39. Ne2 f5 40. exf5 Bf6
41. Qd5 Be5 42. fxg6 1-0

[Event "FIRST SATURDAY FM-B FEB 2013"]
[Site "Budapest"]
[Date "2013.02.05"]
[Round "4.2"]
[White "Mihajlova, Diana"]
[Black "Engelbrecht, Imre Dr"]
[Result "0-1"]
[WhiteElo "1509"]
[BlackElo "1639"]
[PlyCount "63"]
[EventDate "2013.02.02"]

1. e4 c5 2. Nf3 Nc6 3. d4 cxd4 4. Nxd4 Nf6 5. Nc3 d6 6. Bg5 e6 7. Be2 Be7 8.
Qd2 h6 9. Bh4 Qb6 10. Ndb5 O-O 11. O-O-O Nxe4 12. Nxe4 Bxh4 13. g3 Be7 14.
Nbxd6 Rd8 15. Bh5 f5 16. Bf7+ Kf8 17. Qf4 g5 18. Qf3 Ne5 19. Qh5 Bxd6 20. Qxh6+
Kxf7 21. Qf6+ Ke8 22. Nxd6+ Rxd6 23. Qxe5 Kd7 24. Qg7+ Ke8 25. Qxg5 Qd8 26.
Qg6+ Ke7 27. h4 b6 28. Rhe1 Rxd1+ 29. Rxd1 Qf8 30. Qg5+ Qf6 31. Qd2 Kf7 32. Qf4
0-1

[Event "FIRST SATURDAY FM-B FEB 2013"]
[Site "Budapest"]
[Date "2013.02.06"]
[Round "5.1"]
[White "Csiba, Tibor"]
[Black "Marcu, Simon"]
[Result "0-1"]
[WhiteElo "1571"]
[BlackElo "1885"]
[PlyCount "70"]
[EventDate "2013.02.02"]

1. d4 f5 2. c4 Nf6 3. g3 e6 4. Bg2 d5 5. cxd5 exd5 6. Nf3 c6 7. O-O Bd6 8. Ne5
Be6 9. Nd3 Nbd7 10. Bf4 Bxf4 11. Nxf4 Bf7 12. Nd2 O-O 13. Qc2 g6 14. Nf3 Ne4
15. Ne5 Nxe5 16. dxe5 Qe7 17. Nd3 Rfc8 18. f4 c5 19. Bxe4 dxe4 20. Ne1 b5 21.
e3 a5 22. a4 b4 23. b3 c4 24. bxc4 Rxc4 25. Qb2 Qc5 26. Ng2 Rd8 27. Rac1 Rd3
28. Rxc4 Qxc4 29. Rc1 Rc3 30. Rd1 Bd5 31. h3 Qa2 32. Qxa2 Bxa2 33. Rd4 Rd3 34.
Rd6 Rxd6 35. exd6 Kf7 0-1

[Event "FIRST SATURDAY FM-B FEB 2013"]
[Site "Budapest"]
[Date "2013.02.06"]
[Round "5.2"]
[White "Engelbrecht, Imre Dr"]
[Black "Brassoi-Tarnovszki, Aurel"]
[Result "0-1"]
[WhiteElo "1639"]
[BlackElo "1634"]
[PlyCount "78"]
[EventDate "2013.02.02"]

1. e4 e6 2. d4 d5 3. e5 c5 4. dxc5 Bxc5 5. Qg4 g6 6. Nf3 Nc6 7. Be2 Qc7 8. Qf4
Bd7 9. a3 Nge7 10. b4 Bb6 11. O-O Nf5 12. Bb2 h6 13. c4 dxc4 14. Qxc4 Nce7 15.
Nbd2 O-O 16. Qb3 Rac8 17. Rac1 Qb8 18. Ne4 Nd5 19. Bc4 Nfe7 20. Nd6 Rcd8 21.
Rc2 Bc7 22. Rfc1 Nb6 23. Bd3 Bxd6 24. exd6 Qxd6 25. Qc3 f6 26. Qd2 Ba4 27. Qxh6
Bxc2 28. Ng5 Rf7 29. Bxf6 Rxf6 30. Qh7+ Kf8 31. Qh8+ Ng8 32. Nh7+ Ke7 33. Bxc2
Qd2 34. Qg7+ Rf7 35. Qa1 Qxf2+ 36. Kh1 Rd2 37. Be4 Rxh7 38. Rc7+ Nd7 39. Rc1
Qf4 0-1

[Event "FIRST SATURDAY FM-B FEB 2013"]
[Site "Budapest"]
[Date "2013.02.06"]
[Round "5.3"]
[White "Krizsany, Laszlo Sr"]
[Black "Mihajlova, Diana"]
[Result "1-0"]
[WhiteElo "1854"]
[BlackElo "1509"]
[PlyCount "61"]
[EventDate "2013.02.02"]

1. d4 Nf6 2. c4 e5 3. dxe5 Ne4 4. Nd2 Bb4 5. a3 Bxd2+ 6. Bxd2 Nc6 7. Nf3 O-O 8.
Qc2 d5 9. exd6 Bf5 10. dxc7 Qxc7 11. Qc1 Rad8 12. e3 Na5 13. Bxa5 Qxa5+ 14. b4
Qc7 15. Be2 Qe7 16. Qb2 Rfe8 17. O-O Bg4 18. Rad1 Rc8 19. c5 Ng5 20. Nxg5 Bxe2
21. Qxe2 Qxg5 22. Qf3 Rc7 23. Rd5 Qe7 24. Rfd1 h6 25. h3 Ra8 26. Qf5 Qe8 27.
Rd7 g6 28. Qd5 Rc6 29. Rxb7 Ra6 30. Rxf7 Rd8 31. Rd7+ 1-0

[Event "FIRST SATURDAY FM-B FEB 2013"]
[Site "Budapest"]
[Date "2013.02.07"]
[Round "6.1"]
[White "Marcu, Simon"]
[Black "Mihajlova, Diana"]
[Result "1-0"]
[WhiteElo "1885"]
[BlackElo "1509"]
[PlyCount "43"]
[EventDate "2013.02.02"]

1. d4 Nf6 2. c4 g6 3. Nc3 d6 4. e4 c6 5. f4 Bg4 6. Nf3 Bg7 7. Be3 Na6 8. Be2
Qa5 9. O-O Bh5 10. h3 Qb6 11. Na4 Qc7 12. g4 Bxg4 13. hxg4 Nxg4 14. Qd2 O-O-O
15. Ng5 Nxe3 16. Qxe3 Rdf8 17. Bg4+ Kb8 18. e5 Nb4 19. Rf2 h5 20. Bh3 Re8 21.
Nxf7 Rhf8 22. e6 1-0

[Event "FIRST SATURDAY FM-B FEB 2013"]
[Site "Budapest"]
[Date "2013.02.07"]
[Round "6.2"]
[White "Krizsany, Laszlo Sr"]
[Black "Brassoi-Tarnovszki, Aurel"]
[Result "1-0"]
[WhiteElo "1854"]
[BlackElo "1634"]
[PlyCount "47"]
[EventDate "2013.02.02"]

1. d4 Nf6 2. c4 d6 3. Nc3 g6 4. e4 Bg7 5. Be2 O-O 6. Bg5 Nbd7 7. g4 c5 8. d5 h6
9. Be3 Nb6 10. f3 e5 11. Qd2 g5 12. h4 Nh7 13. hxg5 hxg5 14. Bd3 Qf6 15. Rh5
Qg6 16. Bxg5 f6 17. Be3 Bd7 18. O-O-O Kf7 19. Nge2 Rh8 20. Ng3 Rag8 21. Nf5 Bf8
22. Rdh1 Bxf5 23. exf5 Qg7 24. Bh6 1-0

[Event "FIRST SATURDAY FM-B FEB 2013"]
[Site "Budapest"]
[Date "2013.02.08"]
[Round "7.1"]
[White "Engelbrecht, Imre Dr"]
[Black "Marcu, Simon"]
[Result "0-1"]
[WhiteElo "1639"]
[BlackElo "1885"]
[PlyCount "86"]
[EventDate "2013.02.02"]

1. e4 e5 2. Bc4 c6 3. Nc3 d6 4. d3 Be7 5. Qf3 Nf6 6. h3 O-O 7. Be3 b5 8. Bb3 b4
9. Nce2 d5 10. Ng3 d4 11. Bd2 g6 12. Bh6 Re8 13. N1e2 Na6 14. Nf5 Bf8 15. Bxf8
Rxf8 16. Nh6+ Kg7 17. Ng4 Qe7 18. Nh2 Nc5 19. Bc4 Be6 20. g4 Bxc4 21. dxc4 Rad8
22. Ng3 d3 23. O-O dxc2 24. g5 Ne8 25. Ng4 Qxg5 26. Ne3 Rd3 27. Qg2 Kh8 28.
Nxc2 a5 29. Ne1 Rd7 30. Nf3 Qf4 31. Rad1 Rxd1 32. Rxd1 Nxe4 33. Nxe4 Qxe4 34.
Re1 Qxc4 35. Nxe5 Qxa2 36. Qxc6 Ng7 37. Qd6 Re8 38. Qd7 Kg8 39. f4 Qe6 40. Qc7
Qd5 41. Kf2 Qd2+ 42. Re2 Qxf4+ 43. Ke1 a4 0-1

[Event "FIRST SATURDAY FM-B FEB 2013"]
[Site "Budapest"]
[Date "2013.02.08"]
[Round "7.2"]
[White "Csiba, Tibor"]
[Black "Krizsany, Laszlo Sr"]
[Result "1/2-1/2"]
[WhiteElo "1571"]
[BlackElo "1854"]
[PlyCount "47"]
[EventDate "2013.02.02"]

1. d4 Nf6 2. c4 e6 3. Nc3 d5 4. cxd5 exd5 5. Bg5 Be7 6. e3 O-O 7. Bd3 c6 8. Qc2
h6 9. Bh4 Re8 10. Nge2 Nbd7 11. O-O Nf8 12. Rfe1 Ne4 13. Bxe7 Qxe7 14. Bxe4
dxe4 15. Ng3 f5 16. d5 Qc5 17. dxc6 Qxc6 18. Rac1 Be6 19. Nge2 Rac8 20. Nd4 Qb6
21. b3 Re7 22. Qb2 Rd8 23. Qa3 Red7 24. Nce2 1/2-1/2

[Event "FIRST SATURDAY FM-B FEB 2013"]
[Site "Budapest"]
[Date "2013.02.08"]
[Round "7.3"]
[White "Brassoi-Tarnovszki, Aurel"]
[Black "Mihajlova, Diana"]
[Result "1-0"]
[WhiteElo "1634"]
[BlackElo "1509"]
[PlyCount "47"]
[EventDate "2013.02.02"]

1. e4 c5 2. Nf3 e6 3. d4 cxd4 4. Nxd4 Qc7 5. Nc3 a6 6. a3 b6 7. Be3 Bb7 8. f3
e5 9. Nb3 Nc6 10. Nd5 Qd8 11. Bxb6 Qh4+ 12. g3 Qh6 13. Nc7+ Ke7 14. Nxa8 Bxa8
15. Nc5 Nd4 16. Qd3 Qxb6 17. b4 Ke8 18. c3 d6 19. cxd4 dxc5 20. dxc5 Qe6 21.
O-O-O Be7 22. Be2 Nf6 23. Rd2 Bb7 24. Bd1 1-0

 Bb3 1-0

[Event "FIRST SATURDAY FM-B FEB 2013"]
[Site "Budapest"]
[Date "2013.02.09"]
[Round "8.1"]
[White "Marcu, Simon"]
[Black "Brassoi-Tarnovszki, Aurel"]
[Result "1-0"]
[WhiteElo "1885"]
[BlackElo "1634"]
[PlyCount "101"]
[EventDate "2013.02.02"]

1. d4 Nf6 2. c4 e6 3. a3 d5 4. Nc3 g6 5. c5 Bg7 6. b4 c6 7. Bg5 Qc7 8. Nf3 Nbd7
9. e3 O-O 10. Bd3 e5 11. dxe5 Nxe5 12. Nd4 Nxd3+ 13. Qxd3 Re8 14. O-O Ne4 15.
Bf4 Qd8 16. Nce2 Ng5 17. Rad1 Ne6 18. Bd6 Nxd4 19. Nxd4 Be5 20. Bxe5 Rxe5 21.
f4 Re8 22. f5 Qg5 23. Rf3 Re5 24. Rdf1 Bd7 25. Rg3 Qh4 26. Nf3 Bxf5 27. Qxf5
Rxf5 28. Nxh4 Re5 29. Nf5 Rae8 30. Nd6 R8e7 31. Re1 a6 32. Kf2 f5 33. Rf3 Kg7
34. h3 h5 35. Rf4 Kf6 36. g4 hxg4 37. hxg4 Kg5 38. gxf5 gxf5 39. Rg1+ Kf6 40.
Rg3 Rh7 41. Kg2 Rhe7 42. Kf2 Rh7 43. Rgf3 Rh2+ 44. Kg3 Ra2 45. Nxf5 Rxa3 46.
Nd6+ Ke6 47. Rf6+ Kd7 48. Rf7+ Re7 49. Rxe7+ Kxe7 50. Nxb7 Rb3 51. Na5 1-0

[Event "FIRST SATURDAY FM-B FEB 2013"]
[Site "Budapest"]
[Date "2013.02.09"]
[Round "8.3"]
[White "Krizsany, Laszlo Sr"]
[Black "Engelbrecht, Imre Dr"]
[Result "1/2-1/2"]
[WhiteElo "1854"]
[BlackElo "1639"]
[PlyCount "60"]
[EventDate "2013.02.02"]

1. d4 Nf6 2. c4 e5 3. d5 Bc5 4. Nc3 h6 5. e4 Qe7 6. h3 d6 7. Bd3 a6 8. b4 Ba7
9. Bb2 Nbd7 10. Nge2 c5 11. b5 Bb6 12. a4 a5 13. Bc1 Bd8 14. Be3 b6 15. g4 Nf8
16. f3 Ng6 17. Bf2 Nh7 18. h4 Qf6 19. Ng1 Nf4 20. Nce2 Ng2+ 21. Kf1 Nf4 22.
Nxf4 exf4 23. Ra2 Nf8 24. Ne2 Nd7 25. Qd2 g5 26. Nc1 Ne5 27. Be2 Qg7 28. Qc2
Bf6 29. Nd3 Bd7 30. h5 O-O 1/2-1/2

[Event "FIRST SATURDAY FM-B FEB 2013"]
[Site "Budapest"]
[Date "2013.02.10"]
[Round "9.1"]
[White "Krizsany, Laszlo Sr"]
[Black "Marcu, Simon"]
[Result "1/2-1/2"]
[WhiteElo "1854"]
[BlackElo "1885"]
[PlyCount "49"]
[EventDate "2013.02.02"]

1. d4 d5 2. c4 e6 3. Nf3 Nf6 4. Nc3 Be7 5. g3 O-O 6. cxd5 exd5 7. Bg2 c6 8. O-O
Bf5 9. Nh4 Be6 10. Qc2 Nbd7 11. a3 Re8 12. b4 b5 13. Bb2 Nb6 14. Nf5 Bf8 15.
Ne3 Qd7 16. Rfc1 Ng4 17. Ncd1 Rac8 18. Bc3 Nxe3 19. Nxe3 f5 20. Nf1 Bd6 21. e3
Bf7 22. Nd2 Bh5 23. Nb3 Nc4 24. Nc5 Bxc5 25. dxc5 1/2-1/2

[Event "FIRST SATURDAY FM-B FEB 2013"]
[Site "Budapest"]
[Date "2013.02.10"]
[Round "9.2"]
[White "Engelbrecht, Imre Dr"]
[Black "Mihajlova, Diana"]
[Result "1-0"]
[WhiteElo "1639"]
[BlackElo "1509"]
[PlyCount "111"]
[EventDate "2013.02.02"]

1. e4 c5 2. Bc4 e6 3. Nc3 a6 4. a4 Nc6 5. Nf3 Qc7 6. d3 Na5 7. Ba2 d6 8. Bf4
Nf6 9. h3 Bd7 10. O-O Be7 11. Qd2 Nc6 12. Rfe1 Rc8 13. e5 dxe5 14. Bxe5 Nxe5
15. Nxe5 Bd6 16. Nxd7 Be7 17. Nxf6+ Bxf6 18. Nd5 Qd8 19. Nxf6+ Qxf6 20. c3 O-O
21. Re3 Rfd8 22. Rae1 c4 23. d4 Rd5 24. Re5 Qd8 25. Qe2 b5 26. Qc2 Rc6 27. Bb1
g6 28. Rxd5 exd5 29. Re3 Qa5 30. Qe2 Qxa4 31. Re8+ Kg7 32. Qe5+ Rf6 33. Qe2 Qa1
34. Qc2 a5 35. f3 b4 36. Rb8 b3 37. Qc1 Re6 38. Kf2 a4 39. Ra8 h5 40. Ra7 Rf6
41. Re7 Ra6 42. Rxf7+ Kxf7 43. Bxg6+ Kxg6 44. Qxa1 Kf5 45. h4 Ke6 46. Qc1 Kd7
47. Qg5 a3 48. Qxd5+ Ke7 49. Qb7+ Kd8 50. Qxa6 axb2 51. Qa8+ Kc7 52. Qe4 Kb6
53. f4 Kc7 54. f5 Kb6 55. f6 Ka5 56. f7 1-0

[Event "FIRST SATURDAY FM-B FEB 2013"]
[Site "Budapest"]
[Date "2013.02.10"]
[Round "9.3"]
[White "Csiba, Tibor"]
[Black "Brassoi-Tarnovszki, Aurel"]
[Result "1/2-1/2"]
[WhiteElo "1571"]
[BlackElo "1634"]
[PlyCount "103"]
[EventDate "2013.02.02"]

1. d4 e6 2. c4 d5 3. Nc3 Nf6 4. cxd5 Nxd5 5. e4 Nxc3 6. bxc3 c5 7. Nf3 g6 8.
Bg5 Qa5 9. Qd2 Bg7 10. Be2 Nc6 11. Rd1 O-O 12. O-O cxd4 13. cxd4 Qxd2 14. Rxd2
a6 15. Rfd1 Bd7 16. d5 exd5 17. exd5 Ne5 18. Rc1 Rac8 19. Rdc2 Rxc2 20. Rxc2
Rc8 21. Rxc8+ Bxc8 22. Nxe5 Bxe5 23. Be3 Bd6 24. Bb6 f5 25. f3 Kf7 26. Kf2 Bxh2
27. g3 f4 28. g4 Bg3+ 29. Kg2 Be1 30. Bc4 Bb4 31. Bc7 b5 32. Bb3 g5 33. d6+ Ke8
34. Bc2 Be6 35. Bxh7 Kd7 36. Bf5 Bxf5 37. gxf5 Bxd6 38. Bb6 Be7 39. Bd4 Ke8 40.
Kh3 Kf7 41. Kg4 b4 42. Bb6 Ke8 43. Ba5 Kd7 44. f6 Bxf6 45. Bxb4 Ke6 46. Bf8 Kf7
47. Bh6 Kg6 48. Bf8 Bd8 49. a4 a5 50. Bd6 Kf6 51. Bf8 Kg6 52. Bd6 1/2-1/2

[Event "FIRST SATURDAY FM-B FEB 2013"]
[Site "Budapest"]
[Date "2013.02.11"]
[Round "10.1"]
[White "Marcu, Simon"]
[Black "Csiba, Tibor"]
[Result "1-0"]
[WhiteElo "1885"]
[BlackElo "1571"]
[PlyCount "61"]
[EventDate "2013.02.02"]

1. d4 Nf6 2. c4 e6 3. Nc3 Bb4 4. Bd2 O-O 5. Qc2 d5 6. e3 b6 7. Nf3 Bb7 8. cxd5
Nxd5 9. Be2 Nd7 10. O-O c5 11. a3 Bxc3 12. bxc3 Rc8 13. Qb3 cxd4 14. cxd4 Nb8
15. Rfc1 Ba6 16. Bxa6 Nxa6 17. Ne5 Nb8 18. Bb4 Nxb4 19. axb4 Qe7 20. b5 Rc7 21.
Rc4 Rfc8 22. Rac1 Qd6 23. h3 f6 24. Rxc7 Rxc7 25. Rxc7 Qxc7 26. Qxe6+ Kf8 27.
Nc6 a5 28. d5 Nxc6 29. bxc6 Qe7 30. Qc8+ Qe8 31. Qb7 1-0

[Event "FIRST SATURDAY FM-B FEB 2013"]
[Site "Budapest"]
[Date "2013.02.11"]
[Round "10.2"]
[White "Brassoi-Tarnovszki, Aurel"]
[Black "Engelbrecht, Imre Dr"]
[Result "1-0"]
[WhiteElo "1634"]
[BlackElo "1639"]
[PlyCount "73"]
[EventDate "2013.02.02"]

1. e4 g6 2. d4 Bg7 3. f4 d6 4. Nf3 Bg4 5. Be2 Nd7 6. O-O e5 7. fxe5 dxe5 8. c3
Ngf6 9. Bg5 Qe7 10. h3 Bxf3 11. Bxf3 h6 12. Bh4 g5 13. Bg3 h5 14. Nd2 Qe6 15.
d5 Qb6+ 16. Bf2 Qd6 17. Nc4 Qe7 18. d6 Qe6 19. b3 c6 20. Na5 g4 21. Be2 Nxe4
22. Bc4 Qg6 23. Bh4 gxh3 24. Bxf7+ Qxf7 25. Rxf7 Kxf7 26. Qf3+ Nef6 27. gxh3
Rag8 28. Kh1 Rb8 29. Nc4 Rbe8 30. Rf1 Re6 31. Qf5 e4 32. Bg3 h4 33. Ne5+ Nxe5
34. Bxe5 Rh6 35. Qxe4 Rh5 36. d7 Ke7 37. Bxf6+ 1-0

[Event "FIRST SATURDAY FM-B FEB 2013"]
[Site "Budapest"]
[Date "2013.02.11"]
[Round "10.3"]
[White "Mihajlova, Diana"]
[Black "Krizsany, Laszlo Sr"]
[Result "0-1"]
[WhiteElo "1509"]
[BlackElo "1854"]
[PlyCount "70"]
[EventDate "2013.02.02"]

1. e4 c6 2. d4 d5 3. Nd2 dxe4 4. Nxe4 Nf6 5. Qd3 Nbd7 6. Qe2 Nxe4 7. Qxe4 Nf6
8. Qd3 g6 9. Nf3 Bg7 10. Bg5 O-O 11. Be2 Qc7 12. h3 Bf5 13. Qd1 Rad8 14. Qc1 c5
15. Bf4 Qb6 16. Be5 cxd4 17. g4 Be4 18. g5 Bxf3 19. Bxf3 Qa5+ 20. Kf1 Qxe5 21.
gxf6 Bxf6 22. h4 h5 23. Qd2 Rc8 24. Rd1 Qb5+ 25. Be2 Qc6 26. Rh3 Qxc2 27. Qf4
Qc7 28. Qe4 Qc6 29. Qd3 Qd5 30. Kg1 Rc5 31. f4 Rfc8 32. Qg3 Rc1 33. Kh2 Kf8 34.
Bf3 Qxa2 35. Kh1 Rxd1+ 0-1